Films en images - D - Statistiques

Statistiques générales
  • Ce quiz a été pris 503 fois
  • Le résultat moyen est 7 sur 16
Statistiques - réponses
Par images Réponse % Correct
Dune
96%
Deadpool
95%
Le dîner de cons
84%
Da Vinci Code
66%
Divergente
66%
Django Unchained
66%
Didier
49%
Don't Look Up
43%
Le discours d'un roi
37%
Dikkenek
35%
Demain tout commence
27%
Dracula Untold
21%
Docteur ?
19%
The Danish Girl
17%
Deux moi
16%
Divines
12%
Aucun quiz correspondant
Distribution des résultats
% des personnes avec chaque résultat
Percentile par nombre de réponses
Votre historique - résultats
Vous n’avez pas pris ce quiz